| 000 | 01117cam a22003133a 4500 | ||
|---|---|---|---|
| 001 | 13674 | ||
| 003 | PGUSA | ||
| 005 | 20140828083307.0 | ||
| 008 | 041008s2004||||xxu|||||s|||||000 | eng d | ||
| 040 |
_aPGUSA _beng |
||
| 042 | _adc | ||
| 050 | 4 | _aDA | |
| 245 | 1 | 0 |
_aChronicle and Romance : _bFroissart, Malory, Holinshed (The Harvard Classics Series) _h[electronic resource] |
| 260 |
_bProject Gutenberg, _c2004 |
||
| 505 | 0 | _aThe Chronicles of Froissart -- The Holy Grail -- A Description of Elizabethan England. | |
| 506 | _aPublic domain in the USA. | ||
| 516 | _aElectronic text | ||
| 653 | _aGreat Britain -- History -- Edward III, 1327-1377 | ||
| 653 | _aEngland -- Social life and customs -- 16th century | ||
| 700 | 1 |
_aMacaulay, G. C. _q(George Campbell), _d1852-1915 |
|
| 700 | 1 |
_aMalory, Thomas, _cSir, _d1400-1470 |
|
| 700 | 1 |
_aHarrison, William, _d1534-1593 |
|
| 700 | 1 |
_aBerners, John Bourchier, _cLord, _d1466-1533 |
|
| 700 | 1 |
_aCaxton, William, _d-1491 |
|
| 700 | 1 | _aFroissart, Jean | |
| 830 | 0 |
_aProject Gutenberg _v13674 |
|
| 856 | 4 | 0 | _uhttp://www.gutenberg.org/ebooks/13674 |
| 942 | _cEB | ||
| 999 |
_c242929 _d242929 |
||